000 00287nam a22001217a 4500
020 _a9782246424116
040 _cSCME
100 _aGuitton,Jean
_982555
245 _aDieu et la science /
_bGrichka bogdanov igor bogdanov
260 _aparis
_c1991
300 _a195p.
942 _2ddc
_cBK
999 _c586468
_d586468